000 00786nam a2200265Ia 4500
003 OSt
005 20220926013824.0
006 a|||||r|||| 00| 0
007 ta
008 220923b |||||||| |||| 00| 0 eng d
020 _a0471026859
037 _cGeneral Book
040 _aRTL
_cRTL
_beng
041 _2eng
_aeng
082 _aX7.73.N7, L7
100 _aAltman Edward I Ed.
_9319095
245 0 _aFinancial crisis
_b Institutions and markets in a fr
260 _aNew York
_bJohn Wiley U S A
_c1977
300 _axv, 288p.
_ccm.
490 _aWiley interscience publication
650 _aFinance
700 _a Sametz Arnold W Ed.
_9276191
942 _hX7.73.N7, L7
_cGB
_2CC
999 _c626949
_d626949